000 00522nam a22001817a 4500
003 OSt
005 20250901083623.0
008 250901b |||||||| |||| 00| 0 eng d
020 _a 978-1-84480-805-2.
040 _aDWCL-Main lib.
_cOC
082 _aCirc. 657 H688a 2008
100 _aRobert Hodge
245 _aAccounting :
_b a foundation/
_cRobert Hodge
260 _aLondon :
_bCengage Learning EMMA,
_c c2008.
300 _axix, 676 p.
_b ill.
_c; 26 cm.
650 _aAccounting.
942 _2ddc
_cBK-CIRC
_kCirc.
_n0
999 _c4446
_d4446